LEADER 03615nam 22007213 450 001 9911069025403321 005 20250826145640.0 010 $a9783839474976 010 $a3839474973 024 7 $a10.1515/9783839474976 035 $a(CKB)34868849500041 035 $a(MiAaPQ)EBC31653302 035 $a(Au-PeEL)EBL31653302 035 $a(DE-B1597)698833 035 $a(DE-B1597)9783839474976 035 $a(OCoLC)1455293447 035 $a(EXLCZ)9934868849500041 100 $a20240912d2024 uy 0 101 0 $ager 135 $aur||||||||||| 181 $ctxt$2rdacontent 182 $cc$2rdamedia 183 $acr$2rdacarrier 200 10$aPhilosophische Digitalisierungsforschung $eVerantwortung, Verständigung, Vernunft, Macht 205 $a1st ed. 210 1$aBielefeld :$ctranscript Verlag,$d2024. 210 4$d©2024. 215 $a1 online resource (465 pages) 225 0 $aDigitale Gesellschaft ;$v75 311 08$a9783837674972 311 08$a3837674975 327 $tFrontmatter --$tInhalt --$tEinleitung --$tI Verantwortungsverhältnisse --$tVerantwortung in Zeiten ?künstlicher Intelligenz? --$tWarum und wozu erklärbare KI? --$tVerteilte Anerkennung --$tAlgorithmenkritik und die Suche nach dem »Außen« --$tII Verständigungsverhältnisse --$tRedefreiheit, Digitalisierung und die Rolle der Philosophie --$tSucht oder Autonomie? --$tRoboter gegen Einsamkeit? --$tHass, Wut und Zorn --$tIII Vernunftverhältnisse --$tDie Philosophie des Digitalen --$tDie Nicht-Vernunft der Chatbots --$tDer zwanglose Zwang des besseren Tweets --$tPhilosophie der Künstlichen Intelligenz --$tIV Machtverhältnisse --$tDie beflissene Willfährigkeit vor den Oberflächen des Digitalen --$tDigitalisierung als Prozess --$tNotizen zu Macht und Algorithmen --$tZu den Autorinnen und Autoren 330 $aDigitalisierung ist nicht nur ein technisches Geschehen, sondern erfasst als machtvoller kultureller Prozess alle Lebensbereiche. Die Einsicht, dass soziotechnische Vorgänge gestaltbar sind, erlaubt eine grundsätzliche Reflexion über die neuen Handlungsmöglichkeiten und Zumutungen sowohl in individueller wie auch in kollektiver Perspektive. Welche Herausforderungen stellen sich für unsere bewährten Überzeugungen und sozialen Praktiken in den Prozessen von Verantwortung, Verständigung, Vernunft und Macht? Die Beiträger*innen analysieren aktuelle Entwicklungen der Digitalisierung und tragen im Lichte provisorischer Maßstäbe praktischer Vernunft zu einer aufgeklärten öffentlichen Diskussion über (nicht) wünschenswerte technokulturelle Zukünfte bei. 606 $aPHILOSOPHY / General$2bisacsh 610 $aAlgorithm. 610 $aArtificial Intelligence. 610 $aCommunication. 610 $aCulture. 610 $aDigital Ethics. 610 $aDigital Media. 610 $aEthics. 610 $aMedia Philosophy. 610 $aPhilosophy of Technology. 610 $aPhilosophy. 610 $aPower. 610 $aReason. 610 $aResponsibility. 610 $aRoboter. 610 $aSocial Media. 615 7$aPHILOSOPHY / General. 676 $a100 700 $aAdolphi$b Rainer$0170222 701 $aAlpsancar$b Suzana$01461697 701 $aHahn$b Susanne$01828883 701 $aKettner$b Matthias$0734805 712 02$aStiftung Mercator$4fnd$4http://id.loc.gov/vocabulary/relators/fnd 801 0$bMiAaPQ 801 1$bMiAaPQ 801 2$bMiAaPQ 906 $aBOOK 912 $a9911069025403321 996 $aPhilosophische Digitalisierungsforschung$94551048 997 $aUNINA